Obra crítica en el periódico el caribe / Manuel Vallde Pérez (Registro nro. 1323)

Detalles MARC
000 -LEADER
fixed length control field 00625nam a22001931a 4500
001 - CONTROL NUMBER
control field 1323
003 - CONTROL NUMBER IDENTIFIER
control field OSt
005 - DATE AND TIME OF LATEST TRANSACTION
control field 20260204211729.0
008 - FIXED-LENGTH DATA ELEMENTS--GENERAL INFORMATION
fixed length control field 040119s1998||||dr ||||||b||||||||||spa||
050 ## - LIBRARY OF CONGRESS CALL NUMBER
Classification number RD 868 V243o
082 ## - DEWEY DECIMAL CLASSIFICATION NUMBER
Classification number RD 800.7293 V243o
100 ## - ASIENTO PRINCIPAL -- NOMBRE PERSONAL
Personal name Vallde Pérez, Manuel
245 ## - TÍTULO PROPIAMENTE DICHO: SUBTÍTULO
Title Obra crítica en el periódico el caribe / Manuel Vallde Pérez
264 ## - PRODUCTION, PUBLICATION, DISTRIBUTION, MANUFACTURE, AND COPYRIGHT NOTICE
Place of production, publication, distribution, manufacture Santo Domingo : Taller
300 ## - PHYSICAL DESCRIPTION
Extensión 3 Volúmenes
505 ## - NOTA DE CONTENIDO
Formatted contents note Vol. 1: Artes Plásticas, Vol. Siglos XVII-XVIII-XIX. Vol. 3. Literatura y Música,
650 ## - ASIENTO SECUNDARIO DE MATERIA -- TERMINO TEMÁTICO
Termino Temático Como Elemento de Entrada Literatura Yarte 2.Estética Cristianismo en el Arte y la MúsicaÌ
942 ## - ADDED ENTRY ELEMENTS (KOHA)
Source of classification or shelving scheme Dewey Decimal Classification
Koha item type Libros
Existencias
Withdrawn status Lost status Source of classification or shelving scheme Damaged status Not for loan Current library Date acquired Total Checkouts Full call number Barcode Date last seen Price effective from Koha item type
    Dewey Decimal Classification     Biblioteca UTECO 09/09/2019   RD 868 V243O 005235 09/09/2019 09/09/2019 Libros
    Dewey Decimal Classification     Biblioteca UTECO 09/09/2019   RD 868 V243O 005236 09/09/2019 09/09/2019 Libros
    Dewey Decimal Classification     Biblioteca UTECO 09/09/2019   RD 868 V243O 005237 09/09/2019 09/09/2019 Libros
    Dewey Decimal Classification     Biblioteca UTECO 09/09/2019   RD 868 V243O 005238 09/09/2019 09/09/2019 Libros
    Dewey Decimal Classification     Biblioteca UTECO 09/09/2019   RD 868 V243O 005239 09/09/2019 09/09/2019 Libros
© 2021 Derechos Reservados UTECO - Teléfono: +1 809-585-2291 - Correo electrónico: biblioteca@uteco.edu.do​  
Código postal 43000 ​​
Dirección: Avenida Universitaria No. 100, 
Cotuí, Provincia Sánchez Ramírez, República Dominicana - RNC: 404-00059-6